| 000 | 01486nam a22003135i 4500 | ||
|---|---|---|---|
| 999 |
_c28192 _d28163 |
||
| 003 | EG-ScBUE | ||
| 005 | 20200302145954.0 | ||
| 008 | 200219s2017 ua f b 000 0 ara d | ||
| 017 | _a2017 / 1855 | ||
| 020 | _a9789777612074 | ||
| 040 |
_aEG-ScBUE _bara _erda _cEG-ScBUE _dEG-ScBUE |
||
| 043 |
_af-ua--- _ae-fr--- |
||
| 082 | 0 | 4 |
_a347.09 _bع ب د _222 |
| 100 | 1 |
_aعبد العظيم، أبو الخير، _eمؤلف. |
|
| 245 | 1 | 2 |
_aالوساطة في تسوية المنازعات : _bبديل عملي للتغلب على مشكلات التقاضي / _cدكتور أبو الخير عبد العظيم، دكتوراه في قانون المرافعات المدنية والتجارية، المحامي بالنقض والدستورية والإدارية العليا. |
| 250 | _aالطبعة الأولى. | ||
| 264 | 1 |
_aالقاهرة : _bالمركز القومي للإصدارات القانونية ؛ _aالرياض : _bمكتبة المعرفة الرقمية، _c2017. |
|
| 300 |
_a574 صفحة ؛ _c24 سم |
||
| 336 |
_aنص _btxt _2rdacontent |
||
| 337 |
_aبدون وسيط _bn _2rdamedia |
||
| 338 |
_aمجلد _bnc _2rdacarrier |
||
| 504 | _aيشتمل على إرجاعات ببليوجرافية. | ||
| 541 | _aBook Fair, 2020 | ||
| 650 | 7 |
_aالوساطة _xقوانين وتشريعات _zمصر. _2BUEsh |
|
| 650 | 7 |
_aالوساطة _xقوانين وتشريعات _zفرنسا. _2BUEsh |
|
| 651 | _2BUEsh | ||
| 653 |
_bLLAAWW _cMarch2020 |
||
| 942 | _2ddc | ||